000 00499nam a2200169Ia 4500
008 241217s9999||||xx |||||||||||||| ||und||
020 _a9780781745178
_c183.8
040 _beng
_cSSK Library
_erda
082 _a616.890231/SHI
100 _a Louise Rebraca Shives
245 0 _aBasic Concept Of Psychiatric Mental Health Nursing
250 _a6th ed
260 _b Lippincott Williams & Wilkins
_c©2005
942 _2Dewey Decimal Classification
_cBOOK
_nNo
999 _c18906
_d18906
003 OSt
005 20241217112711.0